| 000 | 00479nam a22001937a 4500 | ||
|---|---|---|---|
| 005 | 20260515115038.0 | ||
| 008 | 240918b |||||||| |||| 00| 0 eng d | ||
| 020 | _a9789390610518 | ||
| 040 |
_aIN-DiNC _cIN-DiNC |
||
| 041 | _dasm | ||
| 082 |
_a891.4513 _bSHA |
||
| 100 |
_aSharma, Indranee _eauthor |
||
| 245 |
_aAbir/ _cby Indranee Sharma |
||
| 250 | _a7th ed. | ||
| 260 |
_aGuwahati: _bAank baak, _c2023. |
||
| 300 | _a398p. | ||
| 650 | _aAssamese novel | ||
| 942 |
_2ddc _cBK |
||
| 999 |
_c11934 _d11934 |
||